Recull de dades : ... Legislatura / Parlament de Catalunya ... Legislatura / Parlament de Catalunya
Descripción Física:
2 v. ; 30 cm
MARC
| LEADER | 00000nam a2200000Ia 4500 | ||
|---|---|---|---|
| 001 | 11005, 11006 | ||
| 008 | 160829s1991 - 1992 xx 000 0 cat d | ||
| 080 | |a M-1-63, M-1-64 | ||
| 110 | 1 | |a Catalunya. |b Parlament |9 11492 | |
| 245 | |a Recull de dades : |b ... Legislatura / Parlament de Catalunya | ||
| 260 | |a Barcelona : |b Publicacions del Parlament de Catalunya, |c 1991 - 1992 | ||
| 300 | |a 2 v. ; |c 30 cm | ||
| 590 | |a Conté: III Legislatura (fins a 1 de setembre de 1991), IV Legislatura (fins a 1 de setembre de 1992) | ||
| 610 | 1 | 0 | |a Catalunya. |b Parlament |9 11492 |
| 651 | 0 | |a Catalunya |x Política i govern |9 53682 | |
| 901 | |a Arxiu | ||
| 942 | |n 1 | ||
| 952 | |0 0 |1 0 |4 0 |6 M163_M164 |7 1 |9 46331 |a Arxiu |b Arxiu |d 2016-12-01 |l 0 |o M-1-63, M-1-64 |p 11005, 11006 |r 2016-12-01 00:00:00 |w 2016-12-01 |y ARXIU | ||
| 999 | |c 50116 |d 50116 | ||